Cytotoxicita nových komplexov paládia

Guardado en:
Detalles Bibliográficos
Autor principal: Fečko, Stanislav (Autor)
Otros Autores: Paulíková, Helena (Orientador)
Formato: Manuscrito Libro
Lenguaje:eslovaco
Publicado: 2015
Materias:
Acceso en línea:http://is.stuba.sk/zp/portal_zp.pl?podrobnosti=101113
Etiquetas: Agregar Etiqueta
Sin Etiquetas, Sea el primero en etiquetar este registro!

MARC

LEADER 00000ntm a22000003a 4500
001 stuzp53297
003 SK-STU
005 20160719154437.3
007 ta
008 150427s2015----xo-----f-mn---000-0-slo-d
040 |a STU  |b slo 
041 0 |a slo 
100 1 |a Fečko, Stanislav  |u 043260  |4 aut  |U FCHPT Ústav biochémie, výživy a ochrany zdravia  |T FCHPT Oddelenie biochémie a mikrobiológie  |X 59582  |U C3260  |Y 113  |7 59582 
242 0 1 |a The cytotoxicity of new complexes of palladium  |y eng 
245 1 0 |a Cytotoxicita nových komplexov paládia 
260 |c 2015 
650 4 |a cytotoxicita  |2 slo 
650 4 |a metalokomplexy  |2 slo 
650 4 |a paládium  |2 slo 
650 4 |a cisplatina  |2 slo 
650 4 |a cytotoxicity  |2 eng 
650 4 |a metal complexes  |2 eng 
650 4 |a palladium  |2 eng 
650 4 |a cisplatin  |2 eng 
700 1 |a Paulíková, Helena  |4 ths  |X 3915  |7 A000003915 
856 4 |u http://is.stuba.sk/zp/portal_zp.pl?podrobnosti=101113 
SQL |a stuzp53297  |b DBP  |c SLO  |d Cytotoxicita nových komplexov paládia  |e 59582  |f Fečko, Stanislav  |g 043260  |h 3915  |i Paulíková, Helena  |j 20150715  |k 752  |l 04  |m http://is.stuba.sk/zp/portal_zp.pl?podrobnosti=101113  |n B-BIOPOT  |o 5.2.25. biotechnológie